| 000 | 00569nam a2200241Ia 4500 | ||
|---|---|---|---|
| 008 | 170711s9999 xx 000 0 und d | ||
| 020 | _a21847398 | ||
| 050 | _a372.4 | ||
| 050 | _bF631 2001 | ||
| 100 | _aFlood, James | ||
| 245 | _aMcGraw-Hill reading / | ||
| 245 | _cJames Flood. | ||
| 260 | _aUSA : | ||
| 260 | _bMcGraw Hill, | ||
| 260 | _c2001 | ||
| 300 | _a766 pages : | ||
| 300 | _bcolored illustrations ; | ||
| 300 | _c29cm. | ||
| 500 | _aIncludes index. | ||
| 650 | _aReaders (Primary). | ||
| 650 | _aReading (Elementary). | ||
| 700 | _aTitle. | ||
| 999 |
_c339866 _d339866 |
||